| 000 | 00785nam a22002537a 4500 | ||
|---|---|---|---|
| 005 | 20170123162339.0 | ||
| 010 | _aA-603658 | ||
| 020 | _c13.00 | ||
| 035 | _aA-603658 | ||
| 037 | _bCen Lib/Ret | ||
| 040 |
_aDPL _bUR |
||
| 082 |
_a920 _bپ ر ے |
||
| 100 |
_aپریم پال اشک _9506 |
||
| 245 |
_aہمارے جاں باز / _cپریم پال اشک |
||
| 246 |
_aHamre jaan baz / _bby Pem Pal Ashk |
||
| 260 |
_bترقی اردو بیورو _c2000 _aنیی دہلی |
||
| 270 | _bنیی دہلی | ||
| 300 |
_a166p. _c21cm(Hb) |
||
| 650 |
_aادب -- اردو _9126411 |
||
| 650 |
_aاردو سوانے عمری _9126412 |
||
| 650 |
_aLiterature -- Urdu _9126413 |
||
| 650 |
_aUrdu biography _9511 |
||
| 942 |
_2ddc _cUR _h920 _mپ ر ے |
||
| 999 |
_c108404 _d108404 |
||